Central Library OPAC University of Rajshahi

Political economy of capitalism / (Record no. 3829)

MARC details
000 -LEADER
fixed length control field 01067cam a2200301 a 4500
001 - CONTROL NUMBER
control field 3829
003 - CONTROL NUMBER IDENTIFIER
rucl marc code BD-RjUL
005 - DATE AND TIME OF LATEST TRANSACTION
control field 20211208233805.0
008 - FIXED-LENGTH DATA ELEMENTS--GENERAL INFORMATION
fixed length control field 131221s1985 ru b 000 0 eng d
035 ## - SYSTEM CONTROL NUMBER
System control number (BD-RjUL)3863
040 ## - CATALOGING SOURCE
Original cataloging agency DLC
Transcribing agency DLC
Modifying agency DLC
-- BD-RjUL
Language of cataloging eng
041 1# - LANGUAGE CODE
Language code of text/sound track or separate title engrus
082 00 - DEWEY DECIMAL CLASSIFICATION NUMBER
Classification number 330.122
Edition number 20
Author mark and year POL 1985
245 00 - TITLE STATEMENT
Title Political economy of capitalism /
Statement of responsibility, etc. [contributors, M.M. Avsenev ... et al. ; editors, M.N. Ryndina and G.P. Chernikov].
260 ## - PUBLICATION, DISTRIBUTION, ETC. (IMPRINT)
Place of publication, distribution, etc. Moscow :
Name of publisher, distributor, etc. Progress Publishers,
Date of publication, distribution, etc. c1985.
300 ## - PHYSICAL DESCRIPTION
Pagination 424 p. ;
Size 22 cm.
504 ## - BIBLIOGRAPHY, ETC. NOTE
Bibliography, etc Includes bibliographical references.
650 #0 - SUBJECT ADDED ENTRY--TOPICAL TERM
Topical term or geographic name as entry element Economics.
9 (RLIN) 12188
Topical term or geographic name as entry element Capitalism
General subdivision History
Chronological subdivision 20th Century.
9 (RLIN) 12189
Topical term or geographic name as entry element Economic history
Chronological subdivision 20th century.
9 (RLIN) 7335
700 1# - ADDED ENTRY--PERSONAL NAME
Personal name Avsenev, Mikhail Mikhaĭlovich.
Personal name Ryndina, M. N.
Fuller form of name (Marii︠a︡ Nikolaevna)
Personal name Chernikov, G. P.
Fuller form of name (Gennadiĭ Pavlovich)
942 ## - ADDED ENTRY ELEMENTS (KOHA)
Source of classification or shelving scheme Dewey Decimal Classification
Koha item type Books
Holdings
Lost status Source of classification or shelving scheme Damaged status Not for loan Collection code Permanent Location Current Location Shelving location Date acquired Total Checkouts Full call number Date last seen Copy number Koha item type
  Dewey Decimal Classification   Not For Loan Non-fiction Central Library, University of Rajshahi Central Library, University of Rajshahi Reading Room 05/08/1989   330.122 POL 1985 21/12/2013 C-1 Books